Statistics for Vancouver: Skytrain Stations

Click here to take the quiz!

General Stats

  • This quiz has been taken 133 times
  • The average score is 19 of 38

Answer Stats

Answer% Correct
Expowaterfront
92%
Expometrotown
83%
Expocommercial broadway
81%
Expogranville
79%
Expoburrard
75%
Expostadium chinatown
74%
Expoking george
69%
Expomain street/science world
67%
Exponanaimo
65%
Expojoyce collingwood
62%
Exponew westminster
62%
Milleniumlougheed town centre
60%
Expocolumbia
59%
Expopatterson
56%
Expo22nd street
55%
Expoedmonds
55%
Exporoyal oak
54%
Exposurrey central
53%
Milleniumbrentwood town centre
49%
Exposcott road
49%
Milleniumvcc clark
49%
Exposapperton
47%
Milleniumrenfrew
46%
Milleniumrupert
45%
Millenium/Evergreenburquitlam
44%
Expo29th avenue
43%
Expobraid
43%
Milleniumproduction way university
41%
Expogateway
39%
Milleniumsperling burnaby lake
33%
Milleniumgilmore
31%
Milleniumlake city way
31%
Milleniumholdom
27%
Millenium/Evergreenmoody centre
27%
Millenium/Evergreenlafarge lake douglas
26%
Millenium/Evergreencoquitlam central
22%
Millenium/Evergreenlincoln
22%
Millenium/Evergreeninlet centre
17%

Score Distribution

Percentile by Number Answered

Percent of People with Each Score

Your Score History

You have not taken this quiz